[Event "Antwerp League-ch op"]
[Site "Antwerp"]
[Date "1994.02.27"]
[Round "8"]
[White "Burmensky, Igor"]
[Black "Heremans, Freddy"]
[Result "1/2-1/2"]
[WhiteElo "1720"]
[BlackElo "1763"]
[PlyCount "74"]
[EventDate "1993.09.26"]
[EventType "swiss"]
[EventRounds "9"]
[EventCountry "BEL"]
[SourceTitle "EXT 2021"]
[Source "ChessBase"]
[SourceDate "2020.10.23"]
[SourceVersion "1"]
[SourceVersionDate "2020.10.23"]
[SourceQuality "1"]

1. e4 c5 2. Nf3 d6 3. d4 cxd4 4. Nxd4 Nf6 5. Nc3 g6 6. Bc4 Bg7 7. 0-0 Nc6 8. Be3 0-0 9. f3 Bd7 10. Qd2 Ne5 11. Bb3 Rc8 12. Rfd1 Qa5 13. Nd5 Qd8 14. Nc3 a6 15. Bh6 Nc4 16. Bxc4 Rxc4 17. Bxg7 Kxg7 18. Qd3 Rc5 19. Nb3 Rc8 20. Qd4 Kg8 21. e5 dxe5 22. Qxe5 Qb6+ 23. Qd4 Qxd4+ 24. Rxd4 Bc6 25. Re1 e6 26. Na5 b6 27. Nxc6 Rxc6 28. Red1 Rfc8 29. Rd8+ Rxd8 30. Rxd8+ Kg7 31. Kf2 b5 32. Rd2 Rc5 33. a3 a5 34. Nd1 Nd5 35. Ne3 Nxe3 36. Kxe3 a4 37. c3 h5 1/2-1/2